Česká republika a harmonizace s Evropským právem
Členstvo Českej republiky a ďalších štátov SVE je podmienené splnením politických a ekonomických predpokladov stanovených na summite Európskej rady v roku 1993 v Kodani, k nim patrí aj harmonizácia vnútroštátneho práva s právom Európskeho spoločenstva. Oblasti ktorých sa týka proces harmonizácie prá...
Gespeichert in:
| 1. Verfasser: | |
|---|---|
| Format: | Buchkapitel |
| Sprache: | Tschechisch |
| Schlagworte: | |
| Tags: |
Keine Tags, Fügen Sie das erste Tag hinzu!
|
MARC
| LEADER | 00000naa a2200000 4500 | ||
|---|---|---|---|
| 001 | r046580 | ||
| 005 | 20231003115044.2 | ||
| 041 | 0 | |a cze | |
| 044 | |a CZ | ||
| 245 | 1 | 0 | |a Česká republika a harmonizace s Evropským právem |c Zbyněk Švarc |
| 520 | |a Členstvo Českej republiky a ďalších štátov SVE je podmienené splnením politických a ekonomických predpokladov stanovených na summite Európskej rady v roku 1993 v Kodani, k nim patrí aj harmonizácia vnútroštátneho práva s právom Európskeho spoločenstva. Oblasti ktorých sa týka proces harmonizácie práva členských štátov s právom Európskej únie. | ||
| 610 | 2 | 0 | |a Európska únia |
| 610 | 2 | 0 | |a Česko |
| 610 | 2 | 0 | |a SVE |
| 610 | 2 | 0 | |a aproximácia práva |
| 610 | 2 | 0 | |a politika |
| 100 | 1 | |a Švarc, Zbyněk | |